| 000 | 00798nam a2200193 4500 | ||
|---|---|---|---|
| 999 |
_c15451 _d15451 |
||
| 008 | 200713b ||||| |||| 00| 0 eng d | ||
| 020 | _a978-1-78578-228-2 | ||
| 082 |
_22017 _aDFic _bT795 |
||
| 100 |
_aTucker, Nicholas _942239 |
||
| 245 |
_aDarkness visible : _bPhilip Pullman and His dark materials / _cNicholas Tucker |
||
| 260 |
_aLondon : _bIcon, _c2017 |
||
| 300 |
_axiv, 191 pages : _billustrations ; _c20 cm |
||
| 500 | _aIncludes interview with Philip Pullman Includes bibliographical references (pages 157-159) | ||
| 650 |
_aYoung adult fiction, English -- History and criticism _942240 |
||
| 650 |
_aFantasy fiction, English -- History and criticism _942241 |
||
| 650 |
_aPullman, Philip, 1946- -- Criticism and interpretation _942242 |
||
| 365 |
_b190.00 _cPhp |
||
| 942 |
_2ddc _cDFIC |
||